[Event "Volgograd Christmas op"]
[Site "Volgograd"]
[Date "2010.01.07"]
[Round "5"]
[White "Trifonov, Alexandr"]
[Black "Kubatko, Ivan"]
[Result "1-0"]
[WhiteElo "2366"]
[BlackElo "2122"]
[PlyCount "53"]
[EventDate "2010.01.03"]
[EventType "swiss"]
[EventRounds "9"]
[EventCountry "RUS"]
[SourceTitle "CBM 134 Extra"]
[Source "ChessBase"]
[SourceDate "2010.03.03"]
[SourceVersion "1"]
[SourceVersionDate "2010.03.03"]
[SourceQuality "1"]

1. e4 e5 2. Nf3 Nc6 3. d4 exd4 4. Nxd4 Qh4 5. Nc3 Bb4 6. Ndb5 Qxe4+ 7. Be2 Kd8 8. 0-0 Bxc3 9. bxc3 Nf6 10. Bf3 Qc4 11. Rb1 Re8 12. Be3 Ne4 13. Bf4 d5 14. Bxc7+ Kd7 15. Bxe4 Qxe4 16. Nd6 Qe2 17. Nxe8 Qxd1 18. Rfxd1 Kxe8 19. Rxd5 Be6 20. Rc5 Nd8 21. Bxd8 Rxd8 22. Rc7 Bxa2 23. Re1+ Be6 24. Rxb7 a5 25. Ra7 Rd5 26. Ra1 Rc5 27. f3 1-0

[Event "Alushta Autumn 4th"]
[Site "Alushta"]
[Date "2004.10.??"]
[Round "9"]
[White "Andreikin, Dmitry"]
[Black "Trifonov, Alexandr"]
[Result "1-0"]
[WhiteElo "2449"]
[BlackElo "2385"]
[PlyCount "49"]
[EventDate "2004.10.??"]
[EventType "tourn"]
[EventRounds "13"]
[EventCountry "UKR"]
[EventCategory "8"]
[SourceTitle "CBM 102 Extra"]
[Source "ChessBase"]
[SourceDate "2004.11.03"]
[SourceVersion "1"]
[SourceVersionDate "2004.11.03"]
[SourceQuality "1"]

1. e4 Nf6 2. e5 Nd5 3. c4 Nb6 4. d4 d6 5. Nf3 Bg4 6. exd6 exd6 7. Be2 Be7 8. 0-0 0-0 9. Be3 Bf6 10. Nc3 Nc6 11. b3 Re8 12. Qd2 Bh5 13. Rfe1 Bg6 14. Rac1 Ne7 15. g4 h6 16. h4 Nc6 17. g5 Be7 18. d5 Ne5 19. Nxe5 dxe5 20. c5 Nc8 21. h5 Bh7 22. gxh6 gxh6 23. Bb5 f5 24. Bxe8 Qxe8 25. f4 1-0

[Event "Alushta Autumn 4th"]
[Site "Alushta"]
[Date "2004.10.??"]
[Round "7"]
[White "Shtyrenkov, Veniamen"]
[Black "Trifonov, Alexandr"]
[Result "1-0"]
[WhiteElo "2465"]
[BlackElo "2385"]
[PlyCount "95"]
[EventDate "2004.10.??"]
[EventType "tourn"]
[EventRounds "13"]
[EventCountry "UKR"]
[EventCategory "8"]
[SourceTitle "CBM 102 Extra"]
[Source "ChessBase"]
[SourceDate "2004.11.03"]
[SourceVersion "1"]
[SourceVersionDate "2004.11.03"]
[SourceQuality "1"]

1. d4 d5 2. Nf3 Nf6 3. c4 e6 4. Nc3 c6 5. e3 Nbd7 6. Qc2 Bd6 7. Be2 0-0 8. 0-0 dxc4 9. Bxc4 e5 10. h3 Qc7 11. Bb3 h6 12. Nh4 Re8 13. Nf5 Nf8 14. Nxd6 Qxd6 15. dxe5 Qxe5 16. f4 Qc5 17. f5 b6 18. Rf4 N8d7 19. Bd2 Qe5 20. Re1 Nc5 21. Bc4 a5 22. a3 b5 23. Be2 b4 24. Nd1 b3 25. Qc1 Nce4 26. Bf3 Bxf5 27. Nf2 g5 28. Bxe4 Nxe4 29. Rxe4 Bxe4 30. Ng4 Qe6 31. Bc3 f5 32. Nf6+ Kf7 33. Nxe8 Qxe8 34. Qd1 c5 35. Qh5+ Ke6 36. Qxh6+ Kd5 37. Rd1+ Kc4 38. Qd6 Qc6 39. Qd2 Kb5 40. Be5 Qe6 41. Qe2+ c4 42. Bc3 Re8 43. a4+ Ka6 44. Qh5 Bc6 45. Bd4 Bxa4 46. Bc5 Bc6 47. Qh7 Ra8 48. Qc7 1-0